00485nam a2200145Ia 4500008004000000082001300040100001800053245003500071260004200106300000800148690002100156906001100177999001700188952013400205210210b2000 xxu||||| |||| 00| 0 eng d a379 SHUN aSHUKLA (P D). aNew education policy in india. aNDbSterling Publishers Pvt Ltdc2000 a157 aHigher Education a042066 c91673d91673 001040708EducationaALbALcEducationd2021-02-17g30.00l1o379 SHUNp042066r2023-07-12 00:00:00s2023-06-30w2021-02-17yBK